书目信息 |
| 题名: |
耐火材料真密度试验方法GB/T5071-1997
|
|
| 作者: | 国家技术监督局 发布 | |
| 分册: | ||
| 出版信息: | 北京 中国标准出版社 1998.05 |
|
| 页数: | 2页 | |
| 开本: | 16开 | |
| 丛书名: | ||
| 单 册: | ||
| 中图分类: | TU541-65 | |
| 科图分类: | ||
| 主题词: | 建筑材料:耐火材料 , 建筑材料:防火材料 | |
| 电子资源: | ||
| ISBN: | ||
| 000 | 00660nam0 2200205 45 | |
| 001 | 0009221672 | |
| 005 | 20000922173230.1 | |
| 010 | @d6.00元 | |
| 100 | @a20000922d1998 km y0chiy0120 ea | |
| 101 | 0 | @achi |
| 105 | @a z 000yy | |
| 200 | 1 | @a耐火材料真密度试验方法GB/T5071-1997@ANai Huo Cai Liao Zhen Mi Du Shi Yan Fang Fa GB/T5071-1997@f国家技术监督局发布@FGuo Jia Ji Shu Jian Du Ju Fa Bu |
| 210 | @a北京@c中国标准出版社@d1998.05 | |
| 215 | @a2页@d16开 | |
| 606 | 0 | @a建筑材料:耐火材料 |
| 606 | 0 | @a建筑材料:防火材料 |
| 690 | @aTU541-65@v3 | |
| 701 | 0 | @a国家技术监督局@4发布 |
| 801 | @aCN@bPftUser@c20000922 | |
| 905 | @b150501-505@dTU541-65@eG:347@f5 | |
| 耐火材料真密度试验方法GB/T5071-1997/国家技术监督局发布.-北京:中国标准出版社,1998.05 |
| 2页;16开 |
| ISBN :6.00元 |
| ● |
| 相关链接 |
|
|
|
正题名:耐火材料真密度试验方法GB/T5071-1997
索取号:TU541-65/G:347
 
预约/预借
| 序号 | 登录号 | 条形码 | 馆藏地/架位号 | 状态 | 备注 |
| 1 | 150501 | 201505013 | 自科二线404/404自科库 3排1列6层/ [索取号:TU541-65/G:347] | 在馆 | |
| 2 | 150502 | 201505022 | 期刊室512/501自科库 139排6列6层/ [索取号:TU541-65/G:347] | 在馆 | |
| 3 | 150503 | 201505031 | 期刊室512/501自科库 139排6列6层/ [索取号:TU541-65/G:347] | 在馆 | |
| 4 | 150504 | 201505040 | 期刊室512/501自科库 139排6列6层/ [索取号:TU541-65/G:347] | 在馆 | |
| 5 | 150505 | 201505059 | 期刊室512/501自科库 139排6列6层/ [索取号:TU541-65/G:347] | 在馆 |